Biblioteca

A reader in contemporary philosophical theology / (Registro nro. 67531)

Detalles MARC
000 -LÍDER
Campo fijo de descripción fija 02706cam a2200361 i 4500
001 - NÚMERO DE CONTROL
Campo de control 768714001
003 - IDENTIFICADOR DEL NÚMERO DE CONTROL
Campo de control CO-MdFUSB
005 - FECHA Y HORA DE LA ULTIMA TRANSACCIÓN
control field 20220720062538.0
007 - CAMPO FIJO DE DESCRIPCIÓN FIJA--INFORMACIÓN GENERAL
Campo fijo de descripción fija ta
008 - ELEMENTOS DE LONGITUD FIJA -- INFORMACIÓN GENERAL
Campo fijo de descripción fija -- Información general 070920t20092009enk b 001 0 eng
020 ## - NÚMERO INTERNACIONAL NORMALIZADO PARA LIBROS
Número Internacional Normalizado del libro 0567031462
040 ## - FUENTE DE CATALOGACIÓN
Agencia de catalogación original UKM
Idioma de catalogación eng
Agencia que realiza la transcripción CO-MdFUSB
Agencia que realiza la modificación BTCTA
-- BAKER
-- YDXCP
-- BWKUK
-- BWK
-- BWX
-- VP@
-- LML
-- OrLoB-B
Convenciones de la descripción rda
041 ## - CÓDIGO DE IDIOMA
Código de idioma para texto/pista de sonido o título separado eng
082 ## - NÚMERO DE CLASIFICACIÓN DECIMAL DEWEY
Número de la edición del Dewey 23
Número de clasificación 230.01
Clave de autor-Numero de item R286
245 02 - TÍTULO
Título del Material A reader in contemporary philosophical theology /
Mención de responsabilidad, etc. editado con una introducción por Oliver D. Crisp.
246 30 - FORMA VARIANTE DEL TITULO
Título propiamente dicho/forma breve del título Contemporary philosophical theology.
264 #1 - PRODUCCIÓN, PUBLICACIÓN, DISTRIBUCIÓN, MANUFACTURA, Y COPYRIGHT
Lugar de producción, publicación, distribución, manufactura London ;
-- New York :
Nombre del productor, publicador, distribuidor T & T Clark,
Fecha de producción, publicación, distribución, manufactura, o copyright [2009]
264 #4 - PRODUCCIÓN, PUBLICACIÓN, DISTRIBUCIÓN, MANUFACTURA, Y COPYRIGHT
Fecha de producción, publicación, distribución, manufactura, o copyright ©2009.
300 ## - DESCRIPCIÓN FÍSICA
Extensión 379 páginas ;
Dimensiones 24 cm.
336 ## - TIPO DE CONTENIDO
Término de tipo de contenido texto
Código de tipo de contenido txt
Fuente rdacontent.
337 ## - TIPO DE MEDIO
Nombre del tipo de medio sin mediación
Código del tipo de medio n
Fuente rdamedia.
338 ## - TIPO DE SOPORTE
Nombre del tipo de soporte volumen
Código Tipo de soporte nc
Fuente rdacarrier.
504 ## - NOTA DE BIBLIOGRAFÍA, ETC.
Nota de bibliografía, etc Incluye referencias bibliográficas e indice.
505 ## - NOTA DE CONTENIDO
Nota de contenido con formato preestablecido Las travesuras de Sheehan: cómo la teología se convierte en tontería / Alvin Platinga -- La Biblia es verdadera / Stephen T. Davis -- Palabras verdaderas / Nicholas Wolterstorff -- Infalibilidad / Paul Helm -- Trinidad social y triteísmo / Cornelius Platinga, Jr. --<br/>Un Trinidad / Brian Leftow -- Tres personas en un solo ser : intentos de mostrar que la doctrina de la Trinidad es autocontradictoria / Peter van Inwagen -- La encarnación : un caso filosófico para la kenosis / Peter Forrest -- La metafísica de Tomás de Aquino de la Encarnación / Eleonore Stump -- Las posibilidades de la Encarnación : algunas sugerencias molinistas radicales / Thomas P. Flint -- La racionalidad y la revelación cristiana / Thomas V. Morris -- Pecado original : un estudio sobre la interacción de la filosofía y la teología / Robert Merrihew Adams -- Los pecados como inmundicia / Marilyn McCord Adams -- Pecaminosidad inocente, pecado culpable : pecado original y justicia divina / Keith D. Wyma -- No sustitución penal / Oliver D. Crisp -- ¿Creemos en la sustitución penal? / David Lewis -- Abelardo sobre la expiación: "nada inteligible, arbitrario, ilógico o inmoral al respecto" / Philip L. Quinn -- El esquema cristiano de salvación / Richard Swinburne.
520 ## - NOTA DE RESUMEN, ETC.
Nota de sumario, etc. La renovación de la teología filosófica (por ejemplo, en las obras de Plantinga, Wolterstorff, Alston, Flew, MacIntyre y Adams) interesa tanto a los teólogos como a los filósofos. Este libro de texto sobre el tema fomenta este interés interdisciplinario y hace que el campo sea accesible a un público más amplio.
563 ## - NOTA DE ENCUADERNACIÓN
Nota de encuadernación Rústico
650 #0 - ASIENTO SECUNDARIO DE MATERIA - TERMINO TEMÁTICO
Término temático o nombre geográfico como elemento de entrada Teología postmoderna
9 (RLIN) 6805
Subdivisión general Filosofía.
650 #7 - ASIENTO SECUNDARIO DE MATERIA - TERMINO TEMÁTICO
Término temático o nombre geográfico como elemento de entrada Filosofía
Fuente del encabezamiento o término
9 (RLIN) 7168
700 1# - ASIENTO SECUNDARIO - NOMBRE PERSONAL
Nombre personal Crisp, Oliver.
Responsabilidad editor
942 ## - TIPO DE MATERIAL (KOHA)
Tipo de Item KOHA Libros General
945 ## - INFORMACIÓN LOCAL DEL REGISTRO
Catalogador JTF-925
Existencias
Estado de Material Estado de Perdido Forma de Clasificación Estado de Dañado No para Préstamo Colección Biblioteca de Origen Biblioteca Permanente Fecha de Adquisición Área Total de Préstamos Signatura Topográfica Código de Barras Última vez visto Ejemplar/Existencia Fecha de Remplazo Tipo de Material
    Dewey Decimal Classification     Colección General Biblioteca FUSBC Biblioteca FUSBC 24/03/2022 TEOLOGÍA CRISTIANA   G 230.01 R286r 21699 24/03/2022 Ej.1 24/03/2022 Libros General

Biblioteca FUSBC | Teléfono: (57+4) 349 88 10 Ext. 141| WhatsApp (+57) 3005338115 
E-mail: biblioteca@unisbc.edu.co | Calle 76 87-14 Robledo Palenque, Medellín, Colombia

Con tecnología Koha